[Event "North Sea Cup 18th"]
[Site "Esbjerg"]
[Date "2003.07.11"]
[Round "8"]
[White "Schandorff, Lars"]
[Black "Koneru, Humpy"]
[Result "1/2-1/2"]
[WhiteElo "2563"]
[BlackElo "2496"]
[Annotator "Dautov,R"]
[PlyCount "115"]
[EventDate "2003.06.04"]
[EventType "tourn"]
[EventRounds "9"]
[EventCountry "DEN"]
[EventCategory "15"]
[SourceTitle "CBM 096"]
[Source "ChessBase"]
[SourceDate "2003.09.25"]
[SourceVersion "1"]
[SourceVersionDate "2003.09.25"]
[SourceQuality "1"]

1. Nf3 Nf6 2. c4 e6 3. Nc3 d5 4. d4 Nbd7 {'Kortschnoj: 'One of the purposes of
this move is to impede 5.Bf4...''} 5. Bf4 {'Kortschnoj: 'Still,white has
played it!''} dxc4 6. e3 Nb6 {'Kortschnoj: 'It was played by the majority of
people, 6...Bd6 or 6...Nd5 were alternatives.''} 7. Bxc4 Nxc4 8. Qa4+ Bd7 9.
Qxc4 Bd6 10. O-O (10. Bg5 h6 11. Bh4 Be7 12. O-O O-O 13. Rfd1 a6 14. Qb3 Rb8
15. Rac1 Nh5 16. Bxe7 Qxe7 17. Ne5 $14 {Ibragimov,I-Kiriakov,P/Russia 1998})
10... Bc6 (10... O-O 11. Ne5 Nh5 12. Nxd7 Qxd7 13. Be5 f5 14. Nb5 Bxe5 15. dxe5
c6 16. Nd6 $16 {Ribli,Z-Jussupow,A/Wattenscheid 2003}) 11. Ne5 Bxe5 12. Bxe5
O-O $146 {Der erste neue Zug. Trotz der ungleichfarbigen Läufer wird Schwarz
um Ausgleich kämpfen müssen, da sein Bauer c7 schwach ist.} (12... Nd7 13. Bg3
Nb6 14. Qc5 Nd7 15. Qa5 b6 16. Qa3 $16 {Bacrot,E-Jussupow,A/Germany 2001}) 13.
Rac1 (13. Bxf6 Qxf6 14. e4 Rac8 15. Rfd1 Rfd8 $11) 13... a6 14. Rfd1 Nd5 $5 {
Das junge Talent aus Indien scheut nicht eine passive, aber feste Stellung.} (
14... Rc8 15. Qe2 Nd5 16. Qg4 $14) 15. Nxd5 {Weiß hat nichts Besseres.} (15.
Nb1 f6 (15... Qg5 16. e4 $14) 16. Bg3 f5 $11) 15... exd5 16. Qe2 $14 f6 17. Bg3
Re8 18. Rc3 Re7 19. Rdc1 Qe8 20. b3 Qd7 21. a4 Qe8 22. h3 h6 23. Rc5 Kh8 24.
R1c3 Qg6 25. Qd1 Qe8 26. Qc2 {Weiß steht eindeutig angenehmer, aber kann er
die gegnerische Festung einnehmen? In der Partie versucht er ohne Erfolg,
b4-b5 durchzusetzen. Möglicherweise sollte er stattdessen sein Glück auf dem
Königsflügel versuchen und mittels Bf4, h4, g4 einen Angriff vorbereiten.
Zuerst könnte er seinen König zu einem sicheren Platz nach b2 führen.} Rc8 27.
Qf5 (27. Kf1 $5 {/\Ke1-d2-c1-b2, Bf4, g4, h4}) 27... Rd8 28. Qc2 Rc8 29. Qb1
Ra8 30. Kh2 Rc8 31. Qc2 Qd7 32. Qd3 Re6 33. Rc1 Qe8 34. Qf5 Re7 35. Qb1 Ra8 36.
Qd3 Kg8 37. Qc2 Kh8 38. Ra1 Rc8 39. Kg1 Ra8 40. Kh2 Rc8 41. b4 Ra8 $1 42. Ra2
Ra7 43. Ra3 (43. b5 axb5 44. axb5 Rxa2 45. Qxa2 Bxb5 46. Qxd5 c6 $11) 43... Ra8
44. Qb3 Rf7 45. Qa2 Kg8 46. Rcc3 Rc8 47. Kg1 Kh8 48. Rc5 b6 49. Rc1 Bb7 50.
Rac3 c6 51. b5 Rf8 (51... axb5 $1 52. axb5 Ra8 53. Qb3 cxb5 54. Rc7 Rxc7 55.
Rxc7 Bc6 $11) 52. Qa3 (52. bxa6 $5 Bxa6 53. Qb2 b5 54. Bd6 Rf7 55. a5 $14)
52... cxb5 53. Rxc8 Bxc8 54. axb5 axb5 55. Bd6 Rg8 56. Rc7 Bf5 57. Kh2 Qg6 58.
Rb7 1/2-1/2

[Event "Corus"]
[Site "Wijk aan Zee"]
[Date "2005.01.20"]
[Round "5"]
[White "Bruzon Batista, Lazaro"]
[Black "Short, Nigel D"]
[Result "1-0"]
[WhiteElo "2652"]
[BlackElo "2674"]
[Annotator "Dautov,R"]
[PlyCount "95"]
[EventDate "2005.01.15"]
[EventType "tourn"]
[EventRounds "13"]
[EventCountry "NED"]
[EventCategory "19"]
[SourceTitle "CBM 105"]
[Source "ChessBase"]
[SourceDate "2005.04.11"]
[SourceVersion "1"]
[SourceVersionDate "2005.04.11"]
[SourceQuality "1"]

1. Nf3 d5 2. d4 Nf6 3. c4 e6 4. Nc3 Be7 5. Bf4 O-O 6. e3 c5 7. dxc5 Bxc5 8. Qc2
Nc6 9. Rd1 Qa5 10. Be2 {Eine moderne Nebenvariante. Weiß verzichtet auf das
traditionelle Springermanöver Nf3-d2-b3 und setzt auf schnelle Entwicklung.} (
10. a3 Be7 11. Nd2 {führt zu der theoretischen Hauptvariante.}) 10... dxc4 (
10... Nb4 11. Qb3 dxc4 (11... Ne4 12. O-O Nxc3 13. Qxc3 $14) 12. Bxc4 Nbd5 13.
Be5 a6 14. O-O Nxc3 15. Bxc3 $14 {Korobkov,P-Severgin,V/Voronezh 2001}) ({
Logisch sieht} 10... Bb4 $5 {aus, aber dazu gibt es nur wenig Partien.} 11. O-O
Bxc3 12. bxc3 h6 (12... Ne4 $5) 13. Ne5 Re8 14. Bf3 Qc5 15. cxd5 exd5 16. Nd3
Qe7 17. Nc1 Rd8 18. h3 Ne5 $11 {Stocek,J-Cvek,R/Karlovy Vary 2005}) 11. Bxc4
Be7 (11... b6 $6 {ist verfrüht und bringt die schwarze Dame in Gefahr:} 12. O-O
(12. a3 $1 Ba6 (12... Be7 $2 13. Bb5 Bb7 14. Nd2 $18) 13. Bxa6 Qxa6 14. b4 Nxb4
15. axb4 Bxb4 16. Bd6 Bxd6 17. Rxd6 Rfc8 18. Qa2 $1 Qxa2 19. Nxa2 Ne4 20. Rd4
$16) 12... Ba6 (12... Be7 $1) 13. Bxa6 Qxa6 14. Ne4 Ne7 $2 15. Nxf6+ gxf6 16.
Qc3 $16 {Sokolov,I-Onischuk,A/Poikovsky 2004}) (11... a6 12. O-O Be7 13. a3 b5
14. Bd3 Bb7 15. Ne4 h6 16. Nxf6+ Bxf6 17. Bh7+ Kh8 18. Rd7 Bc8 $2 19. Rc7 Ne7
20. Be4 $16 {Sokolov,I-Bjornsson,S/Izmir 2004}) 12. O-O b6 $1 $146 {Eine
logische Neuerung. Schwarz strebt den für ihn günstigen Abtausch der
weißfeldrigen Läufer an.} (12... e5 13. Bg5 (13. Bg3 Bg4 14. Nd5 Rac8 15. Nxf6+
Bxf6 16. Qe4 Bh5 17. Rd5 Bg6 18. Qg4 Qb4 19. Rb5 Qe7 20. Nh4 a6 21. Nxg6 hxg6
22. Rd5 $14 {Kazhgaleyev,M-Dutreeuw,M/Gent 2004}) 13... Bg4 14. Bxf6 Bxf6 15.
Ne4 Qb4 16. Nxf6+ gxf6 17. a3 Qb6 18. Rd6 $14 {Dgebuadze,A-Kruppa,Y/Ubeda 1998}
) 13. Qe2 $1 {Weiß verhindert den Läufertausch.} (13. a3 Ba6 14. b4 (14. Bxa6
Qxa6 $11) 14... Qxa3 15. Ra1 Qxa1 16. Rxa1 Bxc4 $11) (13. e4 Ba6 14. Bxa6 Qxa6
15. e5 Nb4 16. Qb1 Nfd5 $11) 13... Bb7 14. e4 {Konsequent gespielt. 14.Nb5
nebst 15.Nd6 würde Weiß das Läuferpaar, aber keinen nennenswerten Vorteil
bringen.} (14. a3 Rfd8) (14. Nb5 $5 Rac8 (14... Rfd8 15. Nd6 Bxd6 16. Bxd6 Qh5
$132) 15. Nd6 Bxd6 16. Bxd6 Rfd8 17. e4 Qh5 18. e5 Ne8 $13) 14... Rad8 15. e5
Nd5 16. Nxd5 exd5 17. Bb5 $6 {Besser war 17.Bd3.} (17. Bd3 $1 Qb4 (17... Qxa2
$2 18. Qc2 $16) 18. Bg3 Qg4 $13) 17... Qb4 (17... Qxa2 $2 18. Ra1 Qb3 19. Bxc6
Bxc6 20. Nd4 $18) 18. Be3 (18. Bg3 Qe4 $11) 18... d4 {Short verteidigt sich
aktiv, er opfert zuerst einen Bauern und dann die Qualität. Interessant war
auch die Überführung der Dame zum Damenflügel mit 18...Qg4.} (18... Qg4 $5 19.
h3 Qh5 $132) 19. Bc1 $1 {Bruzon weicht dem remislichen Turmendspiel aus, das
forciert nach 19.Bxc6 entstanden wäre.} (19. Bxc6 d3 $1 20. Rxd3 Bxc6 (20...
Ba6 $2 21. Nd4 Rxd4 22. Rxd4 Bxe2 23. Rxb4 Bxb4 24. Rc1 $16) 21. Nd4 Bb5 22.
Nxb5 Qxb5 23. Rd2 Qxe5 24. Bxb6 Qxe2 25. Rxe2 axb6 26. Rxe7 Rd2 27. b4 Ra8 28.
Rb7 g6 29. Rxb6 Raxa2 $11) 19... Qc5 (19... Na5 20. Bd3 $14) 20. a3 Rd5 21. Bc4
Rxe5 $5 {[%mdl 512]} 22. Nxe5 Nxe5 23. Ba6 (23. Bd3 Qd5 24. f3 Nxd3 25. Qxd3
Bf6 $44) 23... Bc6 {Schwarz hat zweifellos Kompensation für die Qualität,
obwohl Weiß mit seinen mobilen Figuren etwas besser stehen dürfte.} 24. Bf4 Ng6
25. Bg3 Qd5 26. f3 Ba4 $1 {[%mdl 2048]} (26... b5 27. Qd3 Bf6 28. Rfe1 h5 $44)
27. Rc1 b5 {/\d3 Nun sind die beiden weißfeldrigen Läufer potentiell in Gefahr,
aber der schwarze leistet deutlich mehr.} 28. Qd3 h5 $1 {Short spielt auf dem
ganzen Brett! Sein h-Bauer sollte für die Aktivierung des Ng6 sorgen.} 29. f4 (
29. Rfe1 h4 30. Bf2 (30. Bc7 Bg5 $36) 30... Bf6 (30... Nf4 31. Qxd4 Qg5 32. g3
hxg3 33. hxg3 Ne2+ 34. Rxe2 Qxc1+ 35. Re1 $16) 31. Rc8 Rxc8 32. Bxc8 Ne5 $44) (
29. Bc7 Bd8 $1 30. Bxd8 Rxd8 {/\Nf4} 31. f4 Qd6 32. Rc8 Rxc8 33. Bxc8 Nxf4 34.
Qf5 d3 $1 35. Rxf4 Bb3 36. Qd7 Qxd7 37. Bxd7 d2 38. Rd4 d1=Q+ 39. Rxd1 Bxd1 40.
Bxb5 Bb3 $11) 29... Bd6 (29... h4 30. Be1 $13) 30. Qf3 (30. b3 Qxb3 31. Qxb3
Bxb3 32. Bxb5 h4 33. Bf2 Bxf4 $15) 30... Qxf3 31. Rxf3 h4 32. Bf2 Bxf4 $2 {
Wahrscheinlich hat das energische Spiel Nigel zu viel Kraft gekostet, mit dem
Textzug schmeißt er die Partie weg. Nach dem naheliegenden 32...Nxf4 hätte
sich Weiß um Ausgleich bemühen müssen.} (32... Nxf4 $1 33. Rc6 Bb8 (33... Be5
34. Rc5 f6 35. g3 Ne6 36. Rc1 $11) 34. g3 (34. Bxh4 d3 35. Be1 Ne2+ 36. Kf1 Nd4
$17) 34... d3 35. gxf4 d2 36. Rd3 d1=Q+ 37. Rxd1 Bxd1 38. Bxb5 $11) 33. Rc8 $16
Rxc8 34. Bxc8 {Angesichts der Drohung 35.b3 muß Schwarz seinen Stolz, den
Freibauern d4, abgeben und landet danach in einer verlorenen Stellung.} b4 35.
Bxd4 a5 36. Bb7 Bd1 37. Rf1 Bc2 38. Bd5 bxa3 39. bxa3 $18 a4 40. Rf2 Bd1 41.
Rf1 Bc2 42. Rf2 Bd1 43. Bxf7+ Kxf7 44. Be3 Kf6 45. Bxf4 Nxf4 46. Rxf4+ Kg5 47.
Rd4 Bb3 48. Kf2 1-0

[Event "EU-ch 4th"]
[Site "Istanbul"]
[Date "2003.06.02"]
[Round "4"]
[White "Krasenkow, Michal"]
[Black "Iordachescu, Viorel"]
[Result "0-1"]
[WhiteElo "2609"]
[BlackElo "2550"]
[Annotator "Dautov,R"]
[PlyCount "74"]
[EventDate "2003.05.30"]
[EventType "swiss"]
[EventRounds "13"]
[EventCountry "TUR"]
[SourceTitle "CBM 096"]
[Source "ChessBase"]
[SourceDate "2003.09.25"]
[SourceVersion "1"]
[SourceVersionDate "2003.09.25"]
[SourceQuality "1"]

1. d4 {Ftacnik} Nf6 2. c4 e6 3. Nf3 d5 4. Nc3 Be7 5. Qc2 O-O {'Serious
attention deserves an immediate break'} 6. cxd5 Nxd5 7. a3 {Krasenkow ist ein
großer Spezialist der Petrosian- Variante des Damenindisch, deswegen versucht
er, die Stellung nach deren Muster zu behandeln.} (7. Bd2) 7... c5 $146 {
Ftacnik: 'Iordachescu is trying to radically cope with the modern interesting
system 5.Qc2. '} (7... Nxc3 8. Qxc3 (8. bxc3 {Now the game transposes to
Petrosian system of Queen's Indian.Queen capture doesn't promise anything to
white.} c5 9. e3 Nd7 10. Bd3 h6 11. O-O b6 12. e4 Qc7 13. Qe2 {führt zu der
Petrosian-Variante des Damenindisch.}) (8. Qxc3 Nd7 9. e4 c5 10. Be3 b6 11. Rd1
Qc7 12. dxc5 {1/2-1/2 Khenkin,I-Georgiev,K/Stuttgart GER 2002/(12).}) 8... Nd7
9. e4 c5 10. Be3 cxd4 (10... b6 11. Rd1 Qc7 12. dxc5 {1/2-1/2 Khenkin,
I-Georgiev,K/Germany 2002}) 11. Bxd4 Nf6 12. Bd3 b6 13. Rd1 Qe8 14. Qc2 Kh8 15.
Ng5 h6 16. h4 e5 17. Bxe5 hxg5 18. hxg5+ Nh7 19. f4 $44 {Izoria,Z-Timoscenko,G/
Ohrid 2001}) 8. dxc5 $1 (8. e4 cxd4 (8... Nxc3 9. bxc3) 9. Nb5 Bd7 10. Nbxd4
Nb6 $11) 8... Bxc5 9. Nxd5 Qxd5 10. Ng5 {Schwächt den schwarzen Königsflügel,
verliert aber Zeit. In Frage kam das natürlich aussehende 10.e4.} (10. e4 Qc6
11. Bd3 $14) 10... g6 11. e4 Qc6 12. Bd3 Nd7 13. O-O ({Vorzuziehen war m.E.} 
13. Nf3 $1 $14) 13... Ne5 14. Qe2 Nxd3 {Nach dem Abtausch dieses wichtigen
Läufers wird Schwarz bald die weißen Felder beherrschen.} 15. Qxd3 Be7 {
Ftacnik: 'Despite a bishop's pair black will have to meet Krasenkow's activity
on the kingside.'} 16. e5 (16. Qh3 Bxg5 17. Bxg5 Qxe4 $11) 16... b6 17. Qh3 h5
18. Bf4 Bb7 $11 {Langfristig gesehen hat Schwarz mit seinem Läuferpaar bessere
Aussichten, vorausgesetzt, er kann den gegnerischen Angriff in Zaum halten.}
19. Rac1 Qb5 (19... Qd7 {Ftacnik} 20. Rfd1 Bd5 21. Qg3 $14) 20. Qg3 (20. Nxe6
$2 fxe6 21. Qxe6+ Rf7 22. Qxg6+ Rg7 23. Qe6+ Kh8 $17) 20... Rad8 21. Nxe6 $1 {
Ftacnik: 'White is entering the complicated tactical line with gusto,
unfortunatelly will not be able to bring it to the favourable end. ' Als
Krasenkow diese Kombination berechnete, war ihm der 26. Zug von Schwarz
entgangen.} (21. Rc7 Rd7 22. Nxe6 Rxc7 (22... h4 $5) 23. Nxc7 Qxb2 $13) 21...
Rd3 22. Be3 h4 23. Qg4 (23. Qh3 $2 fxe6 24. Qxe6+ Rf7 25. Qxg6+ Rg7 26. Qe6+
Kh8 $17) 23... Bc8 24. Rxc8 $2 {Ftacnik: 'The home analyses without the
tension of the fight proves, that this move is too ambitious. The defender has
all the chance for complete consolidation with an extra exchange. ' Es war
noch nicht zu spät, die andere Entscheidung zu treffen und in ein leicht
besseres, höchstwahrscheinlich remisliches Endspiel abzuwickeln.} (24. Nd4 $1
Bxg4 25. Nxb5 Be2 (25... Rb3 {Ftacnik} 26. Nxa7 Rxb2 27. a4 $16) 26. Bh6 Bxf1
27. Bxf8 Bxf8 28. Kxf1 Rb3 29. Nd6 (29. Nxa7 Rxb2 $11) 29... Rxb2 30. Rc7 a6
$11) 24... Rxc8 25. Nf4 (25. Nd4 Qc4 $1 (25... Qe8 26. Qe2 $16) (25... Rc4 26.
Qe2 $16) 26. b3 Rxb3 27. Qd7 Rxe3 28. fxe3 Bg5 29. Re1 Rd8 $17) 25... Rc4 26.
e6 Rd6 $1 {[%mdl 256] Diesen Zug hat Michal übersehen. Kein Wunder, denn die
Kombination war fünf Züge lang, und es gab mehrere Nebenvarianten zu
berechnen! Schwarz schlägt den Angriff ab und behält die Mehrqualität.} 27.
exf7+ Kxf7 $17 28. Qe2 Qc6 29. Nd3 Re4 30. f3 Ree6 31. Nf4 $2 ({Zäher war} 31.
Nf2 $1 Rd8 {Ftacnik} 32. Ne4 Qd7 $15) 31... Re5 32. Qf2 Qc4 33. g3 Qb3 $19 {
'!' Ftacnik. Ftacnik: 'Black pieces are fully dominating the battlefield,
white is lost.'} 34. Re1 Rd1 35. Rxd1 Qxd1+ 36. Kg2 g5 37. Bd4 Bc5 0-1

[Event "Dos Hermanas-A"]
[Site "Dos Hermanas"]
[Date "2003.03.30"]
[Round "3"]
[White "Dreev, Alexey"]
[Black "Illescas Cordoba, Miguel"]
[Result "1-0"]
[WhiteElo "2690"]
[BlackElo "2595"]
[Annotator "Dautov,R"]
[PlyCount "133"]
[EventDate "2003.03.28"]
[EventType "tourn"]
[EventRounds "9"]
[EventCountry "ESP"]
[EventCategory "16"]
[SourceTitle "CBM 095"]
[Source "ChessBase"]
[SourceDate "2003.07.25"]
[SourceVersion "1"]
[SourceVersionDate "2003.07.25"]
[SourceQuality "1"]

1. d4 {Ftacnik} Nf6 2. c4 e6 3. Nf3 d5 4. Nc3 Be7 5. Bf4 O-O 6. e3 c5 7. dxc5
Bxc5 8. cxd5 Nxd5 9. Nxd5 exd5 10. a3 Nc6 11. Bd3 Bb6 12. O-O d4 13. Qc2 {
Dreev scheut nicht, immer wieder seinen Zug anzuwenden - und meistens mit
Erfolg.} h6 (13... dxe3 $6 14. Bxh7+ Kh8 15. fxe3 g6 16. Ng5 Bf5 17. Qf2 Kg7
18. Qh4 Qe7 (18... Rh8 $2 19. g4 Bd7 20. Ne6+ $18) 19. Rf3 $40) 14. e4 Bg4 15.
Ne5 (15. Nd2 Rc8 16. Qa4 Qf6 $1 (16... Be6 17. Bg3 Na5 18. Rac1 Bd7 19. Qb4 Re8
20. f4 Nc6 21. Qb3 Na5 22. Qb4 Nc6 23. Qd6 Re6 24. Qd5 Ne7 25. Rxc8 Qxc8 26.
Qb3 $14 {Dreev,A-Pigusov,E/Moscow 2001}) 17. Bg3 Ne5 18. Bxe5 Qxe5 19. Nc4 $6
Qf4 $1 $11 {Dreev,A-Short,N/Hyderabad 2002}) 15... Nxe5 16. Bxe5 Re8 $146 (
16... Rc8 17. Qd2 Be6 18. Rac1 Qd7 19. h3 Rxc1 20. Rxc1 Rc8 21. Rxc8+ Qxc8 22.
Qf4 Qd8 23. Bd6 Qg5 24. Qxg5 hxg5 25. e5 f5 $14 {Dreev,A-Onischuk,A/Cap d'Agde
2002}) 17. Bg3 {Ftacnik: 'It is not easy to grasp, how white can possibly play
for an advantage in this position. Dreev knows this system intimately and
black has to play well.'} Rc8 18. Qd2 Ba5 19. Qf4 (19. b4 $2 Bb6 {würde
Schwarz in die Hände spielen, ><c3.}) 19... Qg5 20. h4 Qxf4 21. Bxf4 Bd8 ({
Möglicherweise war 21...Bc7 besser:} 21... Bc7 22. Bxc7 Rxc7 23. Rac1 Rec8 24.
Rxc7 Rxc7 25. f3 Be6 $11) 22. f3 Bd7 23. Bg3 {Alexey liegen solche Endspiele.
Selbst wenn die Stellung ausgeglichen ist, ist es eher Schwarz, der vorsichtig
spielen muss, da der Bauer d4 leicht schwach werden kann.} Re6 $6 {Diese
Überführung wirkt etwas künstlich.} (23... Bc7 $5) 24. Rfc1 Rb6 {'?' Ftacnik.
Ftacnik: 'The chessplayers often fall into the trap of optimism in the
situation, when they do not feel the danger. Illescas is shooting into his own
knee, he will have to defend a slightly worse position.'} (24... Rec6 {Ftacnik}
25. Rxc6 Rxc6 26. Bb5 Rg6 27. Bxd7 Rxg3 28. Rd1 Bf6 $11) 25. Rxc8 Bxc8 26. Rc1
Be6 27. b4 Rc6 28. Rxc6 bxc6 $14 29. Bd6 $6 {Wahrscheinlich hat Dreev den 30.
Zug von Schwarz übersehen. Weiß hatte sicher etwas Besseres zur Verfügung als
den Textzug.} (29. Be5 $5 Bb6 30. Bd6 $14) (29. h5 {Ftacnik} a5 30. Bd6 axb4
31. axb4 Bg5 32. f4 $14) 29... Bxh4 30. Bc5 Bb3 $1 $11 {Ftacnik: 'An excellent
defensive move, black has good reasons to worry about white's dangerous a pawn.
' Dies führt zum Ausgleich, da Weiß seinen Bauern a3 abgeben muß.} 31. Bxa7 (
31. Bxd4 Bg5 32. Bb2 c5 $11) 31... Bg5 32. Bxd4 Bc1 33. e5 Bxa3 34. Bc5 Bd5 35.
f4 Bb2 36. Bf5 g5 $6 {Es gab keinen Grund , eine neue Schwäche auf g5 zu
kreieren. Besser war 36...h5=.} (36... h5 37. g3 (37. Bd6 Bc1 38. g3 g5 $11)
37... g5 $11) 37. fxg5 hxg5 38. Bd6 {Nun steht Weiß minimal besser, da sein
König aktiv wird, während sein schwarzes Pendant vom Geschehen abgeschnitten
ist.} Be6 39. Be4 Bd7 40. Kf2 Kg7 {'?!' Ftacnik. Ftacnik: 'It is not very nice
to criticize exactly 40th move, but black is neglecting the chance to nearly
fully equalize the game by tactical thrust 40...f5!'} (40... f5 $1 {Ftacnik}
41. e6 (41. exf6 Kf7 42. Ke3 Kxf6 $11) 41... Bxe6 42. Bxc6 Bd4+ 43. Ke2 Bc4+
44. Kd2 Kf7 45. Bc7 Ke6 46. b5 Bd5 47. Kd3 Bg1 $11) 41. Ke3 Bc3 (41... f5 42.
e6 Bxe6 43. Bxc6 $14) 42. Kd3 Be1 43. Be7 g4 44. Kc4 Bf2 $1 {Illescas findet
notgedrungenerweise die beste Verteidigungsidee.} 45. Bc5 (45. Kb3 Bd4 46. Bf6+
Kf8 47. Ka4 Ke8 $11) 45... Bh4 46. Kd4 Kg8 47. Ke3 Bg3 48. Kd4 Bh4 49. Bd6 Bf2+
50. Kc4 Bg3 $4 {Dieser schreckliche Einsteller ist wahrscheinlich der Zeitnot
zuzuschreiben.} (50... Kg7 $11) (50... Be6+ 51. Kd3 Bd7 $11) 51. e6 $1 {
Ftacnik: 'This move must have been shocking for the defender, suddenly his
position becomes untenable. '} Bxe6+ (51... Bxd6 52. exd7 Be7 53. Bxc6 $18) 52.
Kc5 Be1 (52... f5 53. Bd3 $1 (53. Bxg3 $2 fxe4 54. Kxc6 e3 55. b5 Bc4 $11)
53... Bxd6+ 54. Kxd6 Bd5 (54... Kf7 55. Ke5 g3 56. Bxf5 Bd5 57. Be4 $18) 55.
Bxf5 Bxg2 56. Bxg4 Kf7 57. Bd7 Kf6 58. Bxc6 Bf1 59. Bd5 Be2 60. Kc5 Ke7 61. Bc4
Bf3 62. b5 Kd8 63. Kb6 $18) 53. Kxc6 $18 f5 54. Bd3 f4 55. b5 f3 56. b6 Bc8 57.
g3 {Ftacnik: 'After this solution the game is in fact over, the rest
represents only inertia of the frustrated Spaniard. '} Kf7 58. b7 Bxb7+ 59.
Kxb7 Ke6 60. Kc6 Bf2 61. Bf4 Bd4 62. Bc4+ Kf5 63. Kd5 Bb6 64. Ba6 Kg6 65. Ke6
f2 66. Bd3+ Kh5 67. Kf7 1-0